Qui sont-ils pour le roi Louis-Philippe ? - Statistiques

Statistiques générales
  • Ce quiz a été pris 13 fois
  • Le résultat moyen est 21 sur 67
Statistiques - réponses
Hint Réponse % Correct
Louis-Philippe d'Orléans (1725-1785 Grand-père
54%
Louis d'Orléans (1867-1874) Petit-fils
54%
Françoise d'Orléans (1777-1782) Soeur
54%
Louis d'Orléans (1814-1896) Fils
46%
Louis Etienne de Saint-Farre (1759-1825) Oncle
46%
Marie Christine d'Orléans (1852-1879) Petite-fille
46%
Ferdinand d'Orléans (1859-1873) Petit-fils
46%
Luisa Fernanda d'Espagne, de Bourbon-Parme (1832-1897) Belle-fille
38%
Clémentine d'Orléans (1817-1907) Fille
38%
Léopold 1er de Belgique (1790-1865) Gendre
38%
Marguerite d'Orléans (1846-1893) Petite-fille
38%
Blanche Marie-Amélie d'Orléans (1857-1932) Petite-fille
38%
Clotilde de Saxe-Cobourg-Gotha (1846-1927) Petite-fille
38%
Marie Isabelle d'Orléans (1848-1919) Petite-fille
38%
Victoire de Saxe-Cobourg-Gotha (1822-1857) Belle-fille
31%
Marie-Amélie de Bourbon-Siciles (1782-1866) Epouse
31%
Françoise d'Orléans (1816-1818) Fille
31%
Henri d'Orléans (1822-1897) Fils
31%
Ferdinand-Philippe d'Orléans (1810-1842) Fils
31%
François d'Orléans (1818-1900) Fils
31%
Antoine-Philippe d'Orléans (1775-1807) Frère
31%
Alexandre de Wurtemberg (1802-1881) Gendre
31%
Auguste Louis de Saxe-Cobourg-Gotha (1818-1881) Gendre
31%
Louis Jean-Marie de Bourbon-Penthièvre (1725-1793) Grand-père
31%
Vincent Marie de Bourbon (1750-1752) Oncle
31%
Louis Alexandre Joseph Stanislas de Bourbon (1747-1768) Oncle
31%
Louis Marie de Bourbon (1746-1749) Oncle
31%
Philippe d'Orléans (1747-1793) Père
31%
Charlotte de Belgique (1840-1927) Petite-fille
31%
Marie-Amélie d'Orléans (1851-1870) Petite-fille
31%
Marie-Louise Françoise de Saxe-Cobourg-Gotha (1848-1894) Petite-fille
31%
Françoise Marie-Amélie d'Orléans (1844-1925) Petite-fille
31%
Philippe d'Orléans (1862-1864) Petit-fils
31%
Robert d'Orléans (1840-1910) Petit-fils
31%
Pierre d'Orléans (1845-1919) Petit-fils
31%
Louis-Philippe de Belgique (1833-1834) Petit-fils
31%
Henri d'Orléans (1847-1847) Petit-fils
31%
Ferdinand Philippe de Saxe-Cobourg-Gotha (1844-1921) Petit-fils
31%
Ferdinand 1er de Bulgarie (1861-1948) Petit-fils
31%
François-Paul d'Orléans (1852-1852) Petit-fils
31%
Ferdinand d'Orléans (1844-1910) Petit-fils
31%
Gaston d'Orléans (1842-1922) Petit-fils
31%
Antoine d'Orléans (1866-1930) Petit-fils
31%
Louis-Philippe d'Orléans (1845-1866) Petit-fils
31%
Marie Louise de Bourbon (1751-1753) Tante
31%
Francisca Carolina de Bragance (1824-1898) Belle-fille
23%
Maria Carolina de Bourbon des Deux-Siciles (1822-1869) Belle-fille
23%
Hélène de Mecklembourg-Schwerin (1814-1858) Belle-fille
23%
Marie d'Orléans (1813-1839) Fille
23%
Louise d'Orléans (1812-1850) Fille
23%
Antoine d'Orléans (1824-1890) Fils
23%
Charles d'Orléans (1820-1828) Fils
23%
Louis Charles d'Orléans (1779-1808) Frère
23%
Maria Teresa d'Este (1726-1754) Grand-mère
23%
Marie Adélaïde de Bourbon-Penthièvre (1753-1821) Mère
23%
Jean Marie de Bourbon (1748-1755) Oncle
23%
Marie de la Règle d'Orléans (1856-1861) Petite-fille
23%
Marie Mercédès d'Orléans (1860-1878) Petite-fille
23%
Léopold II de Belgique (1835-1909) Petit-fils
23%
François Louis Philippe d'Orléans (1854-1872) Petit-fils
23%
Philippe d'Orléans (1838-1894) Petit-fils
23%
Philippe de Belgique (1837-1905) Petit-fils
23%
Philippe de Wurtemberg (1838-1917) Petit-fils
23%
Adélaïde d'Orléans (1777-1847) Soeur
23%
Bathilde d'Orléans (1750-1822) Tante
23%
Louise de Conti de Bourbon-Conti (1726-1759) Grand-mère
15%
Louis August de Saxe-Cobourg-Gotha (1845-1907) Petit-fils
15%
Aucun quiz correspondant
Distribution des résultats
% des personnes avec chaque résultat
Percentile par nombre de réponses
Votre historique - résultats
Vous n’avez pas pris ce quiz